[Event "Bundesliga 0809"]
[Site "Germany"]
[Date "2008.10.25"]
[Round "3.1"]
[White "Efimenko, Zahar"]
[Black "Najer, Evgeniy"]
[Result "0-1"]
[WhiteElo "2680"]
[BlackElo "2682"]
[Annotator "Meyer,CD"]
[PlyCount "120"]
[EventDate "2008.10.03"]
[EventType "team-tourn"]
[EventRounds "15"]
[EventCountry "GER"]
[SourceTitle "CBM 126 Extra"]
[Source "ChessBase"]
[SourceDate "2008.11.05"]
[SourceVersion "1"]
[SourceVersionDate "2008.11.05"]
[SourceQuality "1"]
[WhiteTeam "Werder Bremen"]
[BlackTeam "Wattenscheid"]
[WhiteTeamCountry "GER"]
[BlackTeamCountry "GER"]

1. e4 c5 2. Nf3 d6 3. d4 cxd4 4. Nxd4 Nf6 5. Nc3 a6 6. Be3 e5 7. Nf3 {Diese
Fortsetzung im 6.Be3 e5-Najdorf ist zwar nicht so ambitioniert wie das
schärfere 7.Nb3, aber sie unterbindet besser schwarze Aktivitäten und
verspricht Weiß einen kleinen, dauerhaften Vorteil, was übrigens dem Spielstil
von Efimenko sehr entgegenkommt.} Be7 ({Beachtenswert ist, daß auf} 7... Be6 $6
8. Ng5 {folgen kann.}) 8. Bc4 O-O 9. O-O Be6 (9... Nc6) 10. Bb3 ({Nach der
Alternative} 10. Bxe6 fxe6 11. Na4 Nfd7 (11... Ng4 12. Qd3 Nxe3 13. Qxe3 b5 14.
Nb6 Ra7 15. Nd5 Rb7 16. Qd2 $1) 12. c4 {steht Weiß auch nur minimal besser, z.
B.} Nc6 13. Qb3 Na5 14. Qd3 Qc7 15. Rac1 Nc5 (15... Rac8 16. Rfd1 (16. c5 dxc5
17. b4 c4 18. Qc3 b5 19. bxa5 bxa4 $13 {/=}) 16... Qc6 17. b3 b6 (17... b5 $6
18. cxb5 Qxb5 19. Qxb5 axb5 20. Nc3) 18. Nc3 $14) 16. Qa3 Rac8 17. Nd2 Nxa4 18.
Qxa4 Nc6 19. Nf3 Qd8 20. Rfd1 Qe8 $2 21. Qb3 Qg6 22. Qxb7 Qxe4 23. Qxa6 Qg6 24.
Qb7 Qe8 25. Qb3 Rb8 26. Qc2 Qh5 27. Qe4 {1-0, Berg,E (2592)-Moor,O (2388)/
Helsingor 2008}) 10... Nc6 11. Qe2 Na5 12. Rfd1 Nxb3 13. axb3 ({Neuerdings
wird von den Top-Leuten auch aus der Mitte herausgeschlagen, um das Gegenspiel
(gegen c2) auf der ansonsten halboffenen c-Linie zu vermeiden. In jedem Fall
versucht der Anziehende, über die weißen Felder zu dominieren (d5) und Druck
auf der halboffenen d-Linie (d6) zu entfalten. Die oft resultierenden
Endspiele sind überwiegend etwas angenehmer für Weiß bei allerdings großer
Remisbreite.} 13. cxb3 Qb8 (13... Nd7 14. Nd2 Qc7 15. Rac1 Rfc8 16. Nd5 Qd8 17.
Rxc8 Rxc8 18. Nxe7+ Qxe7 19. Nc4 Bxc4 20. bxc4 $14 {remis/39, Carlsen,M (2733)
-Ivanchuk,V (2751)/Morelia/Linares 2008/CBM 123}) 14. Bg5 b5 15. Rd3 h6 16.
Bxf6 Bxf6 17. Rad1 Be7 18. Nd5 Bxd5 19. Rxd5 $14 {remis/37, Leko,P (2753)
-Shirov,A (2755)/Morelia/Linares 2008/CBM 123}) 13... Qc7 (13... Qe8) 14. Bg5
Nh5 15. Nxe5 Bxg5 16. Qxh5 Bf6 17. Nf3 Bxc3 18. bxc3 Qxc3 19. Nd4 Rac8 $146 ({
Von etwa gleicher Qualität wie} 19... Rfe8 {, z.B.} 20. Qa5 Qxa5 (20... Qc5 21.
Qxc5 (21. Qd2 Bd7 22. Re1 Re5 23. f4 Re7 24. Re3 Rae8 25. Rae1 a5 26. h3 b5 27.
Kh2 a4 $15 {0-1 Bologan,V (2682)-Efimenko,Z (2637)/Khanty Mansiysk 2005/CBM
111 (61)}) 21... dxc5 22. Nxe6 Rxe6 23. Rd7 Rxe4 24. Rxb7 $14 {1/2-1/2 Bruzon
Bautista,L (2589)-Dominguez,L (2556)/Havana 2001/CBM 084 (33)}) 21. Rxa5 Rac8
22. c4 $14 {1/2-1/2 Postny,E (2571)-Ftacnik,L (2612)/Germany 2006/EXT 2007 (42)
}) 20. Qa5 Qxa5 (20... Rfd8 21. Rd3 Qc5 22. Qd2) 21. Rxa5 Rc3 22. f3 Rd8 23.
Rd2 Kf8 24. Ne2 Rcc8 25. c4 $14 {Efimenko hat den Eindringling von c3
vertrieben und den hier üblichen Stellungstyp erreicht, in dem er relativ
risikolos leichten Druck ausüben kann.} Ke7 26. Nd4 Rc5 27. Ra1 g5 (27... Bd7
28. Ne2 f5 29. Ng3 g6) 28. Kf2 Re5 29. Re2 Bd7 30. g3 Rc8 31. Nc2 f5 32. exf5
Rxe2+ 33. Kxe2 Bxf5 34. Ne3 Be6 35. Kd3 Kf6 36. Kd4 Rf8 37. Rf1 Kg6 38. f4 Bh3
39. Rf3 Bd7 (39... h5 40. Nd5 Rf7 (40... Be6 $6 41. f5+ Kg7 42. Nf4) 41. Re3
Bd7) 40. Nd5 (40. f5+ Kg7 41. g4 Bc6 42. Nd5 (42. Rg3 Re8) 42... h5) 40... Rf7
41. Re3 h6 (41... h5 42. h4) 42. fxg5 ({Eine kritische Phase: Um seinen
kleinen Vorteil zu behalten, sollte Weiß besser mit} 42. Re7 $142 $5 {(42.Re4
Kf5 43.Re2 Kg6)} Rxe7 (42... gxf4 $4 43. Nxf4+ Kg7 44. Rxf7+ Kxf7 45. Kd5 Ke7
46. Ng6+) 43. Nxe7+ {fortsetzen:} Kf7 (43... Kf6 $6 44. Nd5+ Ke6 (44... Kf5 $4
45. g4+ $1) 45. fxg5 hxg5 46. h4) 44. Nd5 gxf4 45. Nxf4 Bc6 $14) 42... hxg5 43.
Re7 Rxe7 44. Nxe7+ Kf7 45. Nd5 g4 $11 {Nun ist die Stellung ausgeglichen,
zumal die weiße Majorität am Königsflügel blockiert und der schwarze Läufer
recht agil ist.} 46. Ne3 (46. Ke3 Bc6 $1 47. Nc3 (47. Kf4 $4 Bxd5 48. cxd5 a5
$19) 47... Bd7 48. Kf4 Be6 49. Ne2 a5) 46... Be6 47. Ke4 a5 48. Nc2 b6 49. Nd4
Kf6 50. Kf4 $2 ({Mangelnde Konzentration, jedenfalls überspannt Weiß hier den
Bogen. Trotz des Matchstandes von 2:4 mußte er sich mit der Punkteteilung
zufriedengeben: I} 50. Ne2 Bg8 51. Nd4 $11 (51. Nf4 $11) (51. Kf4 $2)) ({II} 
50. Nxe6 $4 Kxe6 $19 51. Kf4 (51. Kd4 Kd7) 51... d5 52. Ke3 (52. cxd5+ Kxd5 53.
Kxg4 b5 54. h4 a4) 52... dxc4 53. bxc4 Kd6 54. Kd4 a4 $19) ({III} 50. Nb5 Ke7
51. Nd4 Kf6 $11) 50... d5 $1 {Eine böse Überraschung: Dieser Konter, der von
Weiß übersehen wurde, dreht den Spieß abrupt um und verschafft Schwarz
vermutlich entscheidenden Vorteil.} 51. c5 ({Ein anderer, ebenfalls
interessanter, wenn auch unzureichender Verteidigungsversuch war} 51. cxd5 Bxd5
{und nun z.B.} 52. Ke3 (52. Kxg4 Ke5 53. Nb5 Bxb3 54. Kf3 Bc4 55. Na3 Kd4 $1 (
55... Ba6 $2 56. Ke3 b5 57. h4 b4 58. Nc2 $13) 56. h4 ({Nach} 56. Nxc4 Kxc4 $19
{ist Schwarz etwas schneller, z.B.} 57. Ke3 a4 $8 58. Kd2 a3 59. Kc2 b5 $8 60.
h4 b4 $8 61. h5 b3+ $8 {usw.}) 56... Bd3 57. h5 b5 58. h6 b4 59. Nb5+ Kc5 {
usw. -+}) 52... Ke5 53. Kd3 Kd6 54. Kc2 (54. b4 a4 55. Nb5+ Ke5 56. Na3 Be6 57.
Nb5 Bf5+ 58. Kc3 (58. Ke3 Bg6 59. Na3 Kd5 60. Ke2 Kd4 61. Kd2 Bd3 $19) 58...
Bd7 59. Na3 Ke4 60. b5 $5 Be6 61. Nc2 Bd5 62. Nb4 a3 63. Nc6 Bg8 (63... Be6 64.
Ne7 Kf3 65. Ng6 Kf2 66. Nf4 Bc4 67. Kc2) (63... Bc4 64. Ne7) 64. Ne7 Be6 65.
Ng6 Kf3 66. Nf4 Bf7 67. Kc2 Kf2 68. Kc3 Bg8 69. Kc2 Bc4 70. Kb1 Ke3 71. h3 gxh3
72. Nxh3 Kd4 73. g4 Kc5 74. g5 Kxb5 75. g6 Ka4 76. Nf2 b5 77. g7 b4 78. Ne4 Bg8
79. Nf6 (79. Nc5+ Kb5 80. Ne4 Kc4 81. Nd2+ Kd3 {usw. -+} 82. Nf3 b3) 79... Kb3
80. Nxg8 a2+ 81. Ka1 Ka3 {und b4-b3-b2#}) 54... Kc5 55. Kc3 b5 56. Ne2 b4+ 57.
Kb2 Be6 58. Nf4 (58. Kc2 Bd7 59. Kd2 Bf5 60. Ke3 (60. Nf4 Kd4 $19 61. Nh5 Be6
62. Kc2 Ke3) 60... a4 61. bxa4 b3 62. Nc1 b2 63. Nb3+ Kb4 64. Nd2 Kxa4 65. Kf4
Be6 $19) 58... Bf5 59. Kc1 Kd4 60. Kd2 Ke4 61. Ke2 Bh7 62. Kd2 Bg8 63. Kc2 Kf3
64. Kb2 Kf2 65. Kc2 Bh7+ 66. Kc1 Bf5 {/\Kg1-xh2 -+}) 51... bxc5 52. Nc6 c4 ({
Um einen entfernten Freibauern am Rand zu schaffen, dem Hauptfeind des
Springers, was ähnlich gewinnträchtig ist wie} 52... a4 {, wenngleich Schwarz
mit dem effektiveren Freibauern-Duo nach} 53. bxa4 Bd7 54. Ne5 Bxa4 55. Nxg4+
Ke6 56. Ne5 d4 57. g4 (57. Nc4 Bb5 58. Ne5 Kd5 59. g4 c4 $19) (57. Nd3 Kd5 58.
Kf3 (58. Nf2 c4 $19) 58... c4 $19) {und dem weiteren} 57... Kd5 {seinen
Vorteil bei genauer Verteidigung letztlich erst im Damenendspiel realisieren
kann:} 58. g5 c4 59. g6 Bc2 60. h4 c3 61. h5 Be4 62. g7 Bh7 63. h6 c2 64. Nd3
Kc4 65. Nc1 Kc3 (65... Kb4 66. Kf3 Kc3 67. Ke2 Bg8 (67... d3+ 68. Ke3 $2 $11)
68. Kf3 Kd2 69. Nb3+ Bxb3 70. h7 c1=Q 71. h8=Q) 66. Ne2+ Kd3 (66... Kd2 $4 67.
Nxd4 $18) 67. Kf3 Bg8 68. Nc1+ Kd2 69. Nb3+ Bxb3 70. h7 c1=Q 71. g8=Q (71. h8=Q
Qc3+ {nebst d3 -+}) 71... Bxg8 72. hxg8=Q $19 {mit technischer Gewinnstellung
lt. Datenbank}) 53. bxc4 a4 (53... dxc4 $2 54. Nxa5 c3 55. Ke3 Bf5 56. Kd4 c2
57. Nb3 $11 Bg6 58. Kc3 Ke5 59. Kd2 Be4 60. Nc1 Kd4 61. Ne2+ Kc4 62. Nc1) 54.
cxd5 Bxd5 55. Nb4 ({Oder} 55. Nd4 {und nun z.B.:} a3 56. Nc2 (56. Ke3 a2 57.
Nc2 Ke5 58. Na1 Be4 59. Nb3 Bc2 60. Na1) 56... a2 57. Na1 (57. Kxg4 Ke5 58. h4
Be4 59. Na1 Kd4 60. Kf4 Bh7 (60... Kc3 $2 61. Kxe4 Kb2 62. Kd3 Kxa1 63. Kc2 {
patt}) 61. g4 Kc3 62. Ke3 Kb2 63. Kd2 Kxa1 64. Kc1 Be4 65. h5 Bf3 66. h6 Be4
$19) 57... Bc6 58. Ke3 (58. Nc2 Ke6 59. Kxg4 (59. Ke3 Ke5) 59... Ba4 60. Na1
Ke5 {-d4-+}) 58... Ke5 59. Kd3 (59. Nb3 Bd5 60. Na1 Be4 {führt zum Text, siehe
Stellung nach 62...Be4}) 59... Ba4 60. Ke3 (60. Kc3 Ke4 61. Kb2 Kf3 $19) 60...
Bb5 61. Nc2 Bc6 62. Na1 Be4 63. Nb3 Kd5 64. Na1 Bh7 65. Ke2 (65. Nb3 Kc4 66.
Na1 Kc3 $19) 65... Kc4 66. Kd2 Kb4 $19) 55... Be6 $2 ({Allein} 55... Bb3 $8 {
war korrekt, um den Springer nicht gleich nach c2 zu lassen:} 56. Nc6 (56. Nd3
a3 57. Nc1 {/Nb4} Be6 58. Ke4 a2 $19) 56... Be6 57. Nd4 a3 58. Nc2 a2 59. Na1
Bf5 60. Nb3 Bc2 (60... Ke6 61. Na1 Bh7) 61. Na1 Bh7 {und das Gewinnverfahren
verläuft analog der vorherigen Analyse von 55.Nd4}) 56. Nc2 $1 {Kontrolle des
Stoppfeldes a3} Bf5 57. Na3 Ke6 58. Nb5 $2 ({Weiß schenkt den halben Punkt
wieder zurück, indem er seinen Springer auf a3 kaltstellen läßt und sich der
vitalen Möglichkeit des Doppelangriffs nach} 58. Nc4 $8 {! (58.Ke3? Kd5-+; 58.
Kg5? Ke5-+)} Bd3 (58... Bc2 59. Na3 Bh7 (59... Bd1 60. Ke4) 60. Nc4 Bg8 61. Ke4
Ke7 62. Na3 Kd6 63. Kd4 Ke6 (63... Bb3 64. Nb5+) 64. Kc5 (64. Kc3 Ke5 65. Nc2
Ke4 66. Kb4 Bb3 67. Ne1 Ke3 68. Ng2+ $11) 64... Ke5 65. Kb4 Bb3 66. Nb5 Ke4 67.
Nd6+ {und der Springer wird sich bei Gelegenheit auf g4 opfern (=).}) {durch}
59. Nb2 $1 {beraubt. Die finale Pointe besteht darin, daß sich der Springer
auf a1 opfert und der schwarze König dort pattgesetzt wird:} a3 (59... Bb5 60.
Nxa4) 60. Nxd3 a2 61. Nc5+ Kd5 62. Nb3 Kc4 63. Na1 Kd3 64. Kf5 {/Ke5} (64. Kxg4
$4 Kc3 $19) 64... Kc3 65. Ke4 Kb2 66. Kd3 Kxa1 67. Kc2 {patt}) 58... Bd3 $19
59. Na3 Kd5 60. Kxg4 (60. Ke3 Bh7 61. Kd2 (61. Nb5 Kc4) 61... Kd4) 60... Kc5
0-1

[Event "Bundesliga 0506"]
[Site "Germany"]
[Date "2005.11.12"]
[Round "3.3"]
[White "Socko, Bartosz"]
[Black "Areshchenko, Alexander"]
[Result "1-0"]
[WhiteElo "2610"]
[BlackElo "2653"]
[Annotator "Meyer,CD"]
[PlyCount "71"]
[EventDate "2005.10.21"]
[EventType "team-tourn"]
[EventRounds "15"]
[EventCountry "GER"]
[SourceTitle "CBM 110"]
[Source "ChessBase"]
[SourceDate "2006.01.31"]
[SourceVersion "1"]
[SourceVersionDate "2006.01.31"]
[SourceQuality "1"]
[WhiteTeam "Kreuzberg"]
[BlackTeam "Werder Bremen"]
[WhiteTeamCountry "GER"]
[BlackTeamCountry "GER"]

1. e4 c5 2. Nf3 d6 3. d4 cxd4 4. Nxd4 Nf6 5. Nc3 a6 6. Be3 e5 7. Nf3 {"Diese
Variante ist im Gegensatz zu 7.Nb3 mehr positioneller Natur. Sie wird
angewandt, um das schwarze Gegenspiel auf ein Mindestmaß zu beschränken und
dann die Schwäche des Feldes d5 auszubeuten. " J. Nunn} Qc7 8. a4 Be7 9. a5 Nc6
({I Üblich und vermutlich auch besser ist} 9... O-O {, z.B.} 10. Be2 Nbd7 {
(Diese Spielweise - im Verbund mit 15...Qc5!, siehe die nachfolgende
Naiditsch-Partie - scheint okay für Schwarz zu sein.)} (10... Nc6 11. Bb6 Qd7
12. Nd2 Nb4 (12... d5 13. exd5 Nxd5 14. Nxd5 Qxd5 15. O-O $14 {NCO}) 13. Nc4 d5
14. exd5 Nfxd5 15. Nxd5 Nxd5 16. Bf3 Bb4+ 17. Kf1 Nxb6 18. Nxb6 Qxd1+ 19. Rxd1
Rb8 20. Rd5 Re8 21. c3 Bf8 22. Nxc8 Rbxc8 23. Be4 $14 {1:0/47, Zhang
Zhong-Sakaev,K, Moskau 2004}) 11. O-O b5 12. axb6 Nxb6 13. Nd2 Bb7 14. Bxb6
Qxb6 15. Nc4 Qc5 {(!, NCO)} (15... Qc7 16. Ne3 $1 $14 {ECO (B3)}) 16. Qd3 (16.
Ra5 Qc7 17. Qd3 Rad8 18. Bf3 Rd7 19. Rfa1 Rc8 {=, Lutz-Gallagher, Biel 1993,
NCO}) 16... a5 {(=, NCO)} 17. Ne3 Rfb8 18. Ra2 Bc6 19. Rd1 g6 (19... a4) (19...
Rb4) 20. Ncd5 Nxd5 21. Nxd5 Bd8 22. Qc4 (22. b3) 22... Qxc4 23. Bxc4 a4 24. c3
Ra5 25. b4 Ra7 26. Ra3 Kg7 27. Ne3 $2 Bxe4 28. Rxd6 Bg5 {0:1/75, Ibarra Jerez,
J-Naiditsch,A, Ciudad Real 2004}) ({II} 9... Nbd7 10. Nd2 b5 $6 (10... Nc5) 11.
axb6 Nxb6 12. Bxb6 (12. Bd3 $1 O-O 13. O-O a5 14. Bxb6 Qxb6 15. Nc4 $16 {
ECO (B3)}) 12... Qxb6 13. Bb5+ Kf8 14. O-O g6 15. Nc4 Qc5 16. Ne3 Bb7 17. Bc4
Nxe4 18. Nxe4 Bxe4 19. Bd5 Bxd5 20. Nxd5 Ra7 {remis, Satyapragyan,S-Kovalev,A,
Pardubice 2005}) 10. Bb6 Qd7 11. Nd2 ({Der richtige Zeitpunkt für das hier
typische Springermanöver mit dem Ziel c4, während das ungenaue} 11. Be2 {
gut mit} Bd8 $1 {beantwortet werden könnte, um den Störenfried auf b6 zu
tauschen bzw. zu vertreiben.}) 11... d5 (11... O-O 12. Nc4 $1) 12. exd5 Nxd5
13. Nxd5 Qxd5 14. Nc4 {Schwarz hat zwar den befreienden Vorstoß d5
durchgesetzt, aber damit noch nicht ausgeglichen.} Qxd1+ ({Auch nach} 14...
Qe4+ 15. Qe2 Qf4 {hätte Weiß ein leichtes Plus, z.B.} 16. g3 Qf6 17. Bg2 $14)
15. Rxd1 $14 {Die Schwäche auf den dunklen Feldern, der lästige Bb6 und die
Anfälligkeit auf der d-Linie zwingen den Nachziehenden zu einer unbequemen
Verteidigung.} O-O 16. c3 Be6 17. Be2 (17. Nd6 $5 Bxd6 18. Rxd6) 17... f6 (
17... Bd8 $2 18. Bc5) 18. O-O (18. Nd6 Bxd6 (18... Nd4 $6 19. Bxd4 Bxd6 20. Bb6
Be7 21. Bf3) (18... Rab8 19. Bc7 Ra8 20. b4) 19. Rxd6 Kf7 20. Rd2 $14) 18...
Bd8 $2 ({Der Wunsch ist hier der Vater des Gedankens. Schwarz war noch nicht
bereit für diesen Zug und hätte sich gedulden müssen, vielleicht mit} 18...
Rab8 $5 {und nun z.B.} 19. b4 Bd8 (19... Kf7 20. Nd6+ Bxd6 21. Rxd6 Ne7 22. f4
$1 (22. Rfd1 $6 Nc8 23. Rxe6 Kxe6 24. Bc4+ Kf5 25. Bc7 Ra8 26. Rd7 Re8) 22...
e4 (22... exf4 $6 23. Re1) (22... Nc8 23. fxe5 $1 Nxd6 24. exd6) 23. Rd4 f5 (
23... Rfc8 $6 24. Rxe4 Rxc3 25. Bh5+ g6 26. Rfe1) 24. c4 $5 $16) (19... Rbc8
20. Nd6 Bxd6 21. Rxd6 Kf7 22. Rfd1 $14) 20. Rd6 Kf7 21. Rfd1 Be7 22. R6d2 $14)
19. b4 $2 (19. Bc5 $1 {hätte die gegnerische Ungeduld schwer geahndet:} Be7 (
19... Nxa5 20. Nxa5 Bxa5 21. Bxf8 Kxf8 22. Bf3 $16) 20. Bxe7 Nxe7 21. Rd6 $16)
19... Bxb6 20. Nxb6 Rad8 $11 21. Bf3 ({Ein anderer Plan, nämlich den Schimmel
auf c5 zu platzieren, war auch nicht von der Hand zu weisen. Falls} 21. Na4 {
, so z.B.} Rxd1 (21... Bb3 $2 22. Rxd8) 22. Bxd1 Rc8 $1 (22... Ne7 $6 23. Nc5
Bd5 (23... Bc4 $6 24. Bf3 $5 Bxf1 $2 25. Kxf1 $16) 24. Be2 Kf7 25. Rd1) (22...
Rd8 $6 23. Nc5 Bc4 (23... Bc8 24. Bb3+ Kf8 (24... Kh8 25. Rd1 Rxd1+ 26. Bxd1 f5
(26... Kg8 27. Bf3) 27. Bb3 Ne7 28. f3) 25. Be6 $1 Nb8 26. Bxc8 Rxc8 27. f4))
23. Nc5 Bc4 24. Re1 Rc7 $11 (24... Nxa5 $2 25. Na4 $1)) 21... Kf7 22. Bxc6 (22.
Na4) 22... bxc6 23. f3 Ke7 (23... Bb3 24. Rb1 (24. Rd7+ Rxd7 25. Nxd7 Rd8 26.
Nc5 Bc4) 24... Bc2 25. Rb2 Bf5 26. Na4 Rd5 27. Nc5 Bd3 $11) 24. c4 Bf5 $1 {
Weiß hat diverse Gelegenheiten ungenutzt verstreichen lassen und wird nun als
letzte Chance, seine Bauernmajorität am Damenflügel in Szene setzen. Indes
hält Schwarz nicht nur auf der d-Linie dagegen, sondern wird selbige gar
dominieren.} 25. Kf2 Bc2 26. Rxd8 Rxd8 27. Rc1 $1 {Eine forsche Einladung auf
die 2. Reihe, die auch gerne angenommen wird. Vorsichtige Alternativen gäben
Schwarz schon die Oberhand, z.B.:} ({I} 27. Kg3 $6 g5 (27... Rd3 $2 28. b5 $1)
28. Rf2 Bd3 29. Rd2 f5 30. Kf2 Rd4 $15) ({II} 27. Re1 $6 Rd4 28. Re2 Bd3 29.
Rd2 f5 $15) 27... Rd2+ (27... Bf5 $6 28. g4 Be6 (28... Bg6 $2 29. b5 $1) 29.
Ke3 (29. b5 $2 Rd2+ {nebst Ra2})) 28. Ke3 ({Wer A sagt, muß wohl auch B sagen,
denn} 28. Kg3 $6 {sähe wegen} f5 {anrüchig aus.}) 28... Rxg2 29. b5 $1 {
Dieser Bauerndurchbruch bringt schlagartig Spannung ins Endspiel, zumal am
Brett überhaupt nicht klar ist, wie Schwarz darauf zu reagieren hat.} cxb5 ({
Tatsächlich kam} 29... axb5 {, um den Springer nicht nach d5 zu lassen, ebenso
in Betracht:} 30. a6 f5 31. f4 ({Dem verführerischen} 31. Rxc2 $2 Rxc2 32. a7 {
folgt bald die Ernüchterung:} Ra2 33. a8=Q (33. cxb5 cxb5 34. a8=Q Rxa8 35.
Nxa8 Kd6 36. Nb6 g5 $19) 33... Rxa8 34. Nxa8 b4 {und vermutlich -+, z.B.} 35.
Nb6 g5 36. Na4 Kd6 {/\h5,g4}) 31... exf4+ 32. Kxf4 g5+ 33. Ke3 Be4 {I} 34. c5 (
{II} 34. a7 c5 35. cxb5 Ra2 36. Rxc5 (36. Nc8+ Ke6 37. Rxc5 (37. b6 Bb7 38.
Rxc5 f4+ 39. Kd4 Ra4+ 40. Kd3 Ra3+ 41. Kd4 Ra4+ $11) 37... Ra4) 36... Kd6 $13 {
/=} 37. Rc3 (37. Rc4 Ra3+ 38. Kf2 Ra2+ 39. Ke3 Ra3+ $11) 37... Ke6 38. Nc8 Ra4
39. Rc7 f4+ 40. Kd2 Ra2+ $11 41. Ke1 Ra1+ (41... f3 $4 42. Re7+ Kd5 43. a8=Q+
Rxa8 44. Nb6+)) 34... Ra2 ({Sogar} 34... Rxh2 {ist vielleicht auch spielbar,
wenngleich haarsträubend riskant und kompliziert.}) 35. a7 b4 $1 36. Rc4 (36.
a8=Q $4 Rxa8 37. Nxa8 b3 $19) 36... Ra3+ 37. Kd2 Ra2+ 38. Kc1 Ra1+ 39. Kb2 Rb1+
40. Ka2 b3+ 41. Ka3 Ra1+ 42. Kxb3 Rxa7 43. Rxe4+ (43. Nc8+ $4 Kd7 44. Nxa7 Bd5
$19) 43... fxe4 44. Nc8+ Kd7 45. Nxa7 $11 {, z.B.} h5 46. Kc3 g4 47. Kd4 h4 48.
Kxe4 g3 49. hxg3 hxg3 50. Kf3 Ke6) 30. cxb5 axb5 (30... f5 $1 {mit dem
bekannten Mattmotiv wäre jetzt einfacher für Schwarz gewesen:} 31. Rxc2 $8 (31.
f4 $4 exf4+ 32. Kxf4 g5+ 33. Ke5 Re2+ 34. Kd4 axb5 35. a6 Be4 $19) 31... Rxc2
32. bxa6 Rc3+ 33. Kd2 Rc5 34. a7 Rxa5 35. a8=Q Rxa8 36. Nxa8 {, und das Spiel
ist höchstwahrscheinlich ausgeglichen, z.B.} g5 37. Ke3 h5 38. Nb6 Ke6 39. Kf2
g4 40. Nc4 Kd5 41. Ne3+ Ke6 42. Kg2 Kf6 43. Nc4 h4 44. Kf2 Ke6 45. Ne3 g3+ 46.
hxg3 hxg3+ 47. Ke2 f4 $11 (47... Kf6 $11)) 31. Nd5+ {Vorsicht, Falle!} ({Falls
} 31. a6 {, so} f5 32. Nd5+ (32. Rxc2 $2 Rxc2 33. a7 Ra2 34. a8=Q Rxa8 35. Nxa8
Kd6 $17 36. Nb6 g5) 32... Kd6 33. a7 f4+ 34. Nxf4 exf4+ 35. Kxf4 {und der 
(wiederholt auftauchende) Räumungszug} Be4 $11 {macht dem schwarzen Turm freie
Bahn nach a2.}) 31... Kd6 $2 ({Kurz vor dem Remishafen der entscheidende
Fehler. Schwarz hatte die Qual der Wahl: I} 31... Kd8 $1 32. a6 (32. Ra1 $4 f5
(32... Bb3 33. Nb6 Kc7)) (32. Nb4 Bf5 (32... Bg6 $2 33. a6 f5 34. Nc6+) 33. a6
Bc8 34. Rc5 Rb2 35. Nc6+ (35. Rxb5 $2 Rb3+) 35... Kd7 36. Nb8+ Kd8 37. Nc6+ $11
) 32... f5 33. a7 f4+ 34. Nxf4 exf4+ 35. Kxf4 Be4 $11) ({II} 31... Kd7 $1 {
und wie bei 31...Kd8:} 32. a6 f5 33. a7 f4+ 34. Nxf4 exf4+ 35. Kxf4 Be4 $11) ({
III} 31... Kf8 $4 {/31...Ke8??} 32. a6 $18) ({IV} 31... Kf7 $4 32. a6 Bf5 33.
a7 Ra2 34. Rc7+ Kf8 (34... Kg6 35. Ne7+ Kg5 36. h4+) 35. Nb6 $18) ({V} 31...
Ke6 $2 32. Nb4 $1 Bg6 33. a6 f5 34. f4 exf4+ 35. Kd3 f3 36. Rc6+ $1 (36. a7 $4
f4+ 37. Kd4 (37. Kc3 Be4) 37... Rd2+ 38. Kc3 Rd8) 36... Kf7 37. a7 f2 (37...
f4+ 38. Rxg6 (38. Kc3)) 38. Ke2 Rg1 (38... Bh5+ 39. Kf1) 39. Kxf2 Ra1 40. Ra6
$18 {. Problemlos glichen demnach 31...Kd8! und 31...Kd7! aus.}) 32. Nb4 $1 $18
{Ein baldiges Schach auf c6 wird dem Nachziehenden zum Verhängnis!} (32. a6 $2
f5 {wie vorher}) 32... Bf5 (32... Rxh2 33. a6 Kc7 34. Nxc2 $18 (34. Rxc2+ $4
Rxc2 35. Nxc2 Kb6 36. Nb4 h5)) 33. a6 Rb2 34. a7 Rb3+ 35. Kf2 Ra3 36. Rc6+ {
und wegen 37.Ra6 gab Schwarz auf} 1-0